000 00396 a2200169 4500
001 188252
020 _a85-08-04267-1
040 _cMagnum
100 _aRagache, Claude-Catherine
240 1 0 _aA criação do mundo: mitos e lendas
_lpor
245 1 0 _aA criação do mundo: mitos e lendas
300 _a47
362 0 _a2001
440 1 _aÁtica
697 _aHISTÓRIA GERAL
942 _cBK
999 _c188252
_d188252